000 00736nam a2200265Ia 4500
005 20260121165952.0
008 008 260114s9999 xx 000 0 eng d
020 _a9783319393247
037 _aEBOOK
040 _aCRL
040 _beng
040 _cCRL
041 _2eng
041 _aeng
084 _qCRL
100 _aYves Demazeau, Takayuki Ito, Javier Bajo, Maria José Escalona
_91058206
245 0 _aAdvances in Practical Applications of Scalable Multi-agent Systems. The PAAMS Collection
260 _bSpringer
260 _bSpringer
260 _c2016
856 _uhttps://link.springer.com/openurl?genre=book&isbn=978-3-319-39324-7
942 _cEBOOK
999 _c1623935
_d1623935